<?xml version="1.0" encoding="UTF-8"?>
<record
    xmlns:xsi="http://www.w3.org/2001/XMLSchema-instance"
    xsi:schemaLocation="http://www.loc.gov/MARC21/slim http://www.loc.gov/standards/marcxml/schema/MARC21slim.xsd"
    xmlns="http://www.loc.gov/MARC21/slim">

  <leader>00387nam a22001697a 4500</leader>
  <controlfield tag="003">OSt</controlfield>
  <controlfield tag="005">20220110102217.0</controlfield>
  <controlfield tag="008">220110b        |||||||| |||| 00| 0 eng d</controlfield>
  <datafield tag="020" ind1=" " ind2=" ">
    <subfield code="a">13978495504030</subfield>
  </datafield>
  <datafield tag="040" ind1=" " ind2=" ">
    <subfield code="c">HU</subfield>
  </datafield>
  <datafield tag="082" ind1=" " ind2=" ">
    <subfield code="a">160</subfield>
  </datafield>
  <datafield tag="100" ind1=" " ind2=" ">
    <subfield code="a">Hurley J. Patrick</subfield>
    <subfield code="9">27347</subfield>
  </datafield>
  <datafield tag="245" ind1=" " ind2=" ">
    <subfield code="a">A  Concise I introduction To Logic </subfield>
  </datafield>
  <datafield tag="250" ind1=" " ind2=" ">
    <subfield code="a">10ed</subfield>
  </datafield>
  <datafield tag="300" ind1=" " ind2=" ">
    <subfield code="f">682</subfield>
  </datafield>
  <datafield tag="942" ind1=" " ind2=" ">
    <subfield code="2">ddc</subfield>
    <subfield code="c">BOOKS</subfield>
    <subfield code="n">0</subfield>
  </datafield>
  <datafield tag="999" ind1=" " ind2=" ">
    <subfield code="c">26242</subfield>
    <subfield code="d">26242</subfield>
  </datafield>
  <datafield tag="952" ind1=" " ind2=" ">
    <subfield code="0">0</subfield>
    <subfield code="1">0</subfield>
    <subfield code="2">ddc</subfield>
    <subfield code="4">0</subfield>
    <subfield code="7">0</subfield>
    <subfield code="a">006</subfield>
    <subfield code="b">006</subfield>
    <subfield code="c">GEN</subfield>
    <subfield code="d">2022-01-10</subfield>
    <subfield code="l">0</subfield>
    <subfield code="o">160/HUR/2008</subfield>
    <subfield code="p">IOTL0003642</subfield>
    <subfield code="r">2022-01-10 00:00:00</subfield>
    <subfield code="t">1</subfield>
    <subfield code="w">2022-01-10</subfield>
    <subfield code="y">BOOKS</subfield>
  </datafield>
  <datafield tag="952" ind1=" " ind2=" ">
    <subfield code="0">0</subfield>
    <subfield code="1">0</subfield>
    <subfield code="2">ddc</subfield>
    <subfield code="4">0</subfield>
    <subfield code="7">0</subfield>
    <subfield code="a">006</subfield>
    <subfield code="b">006</subfield>
    <subfield code="c">GEN</subfield>
    <subfield code="d">2022-01-10</subfield>
    <subfield code="l">0</subfield>
    <subfield code="o">160/HUR/2008</subfield>
    <subfield code="p">IOTL0003643</subfield>
    <subfield code="r">2022-01-10 00:00:00</subfield>
    <subfield code="t">2</subfield>
    <subfield code="w">2022-01-10</subfield>
    <subfield code="y">BOOKS</subfield>
  </datafield>
  <datafield tag="952" ind1=" " ind2=" ">
    <subfield code="0">0</subfield>
    <subfield code="1">0</subfield>
    <subfield code="2">ddc</subfield>
    <subfield code="4">0</subfield>
    <subfield code="7">0</subfield>
    <subfield code="a">006</subfield>
    <subfield code="b">006</subfield>
    <subfield code="c">GEN</subfield>
    <subfield code="d">2022-01-10</subfield>
    <subfield code="l">0</subfield>
    <subfield code="o">160/HUR/2008</subfield>
    <subfield code="p">IOTL0003644</subfield>
    <subfield code="r">2022-01-10 00:00:00</subfield>
    <subfield code="t">3</subfield>
    <subfield code="w">2022-01-10</subfield>
    <subfield code="y">BOOKS</subfield>
  </datafield>
  <datafield tag="952" ind1=" " ind2=" ">
    <subfield code="0">0</subfield>
    <subfield code="1">0</subfield>
    <subfield code="2">ddc</subfield>
    <subfield code="4">0</subfield>
    <subfield code="7">0</subfield>
    <subfield code="a">006</subfield>
    <subfield code="b">006</subfield>
    <subfield code="c">GEN</subfield>
    <subfield code="d">2022-01-10</subfield>
    <subfield code="l">0</subfield>
    <subfield code="o">160/HUR/2008</subfield>
    <subfield code="p">IOTL0003645</subfield>
    <subfield code="r">2022-01-10 00:00:00</subfield>
    <subfield code="t">4</subfield>
    <subfield code="w">2022-01-10</subfield>
    <subfield code="y">BOOKS</subfield>
  </datafield>
  <datafield tag="952" ind1=" " ind2=" ">
    <subfield code="0">0</subfield>
    <subfield code="1">0</subfield>
    <subfield code="2">ddc</subfield>
    <subfield code="4">0</subfield>
    <subfield code="7">0</subfield>
    <subfield code="a">006</subfield>
    <subfield code="b">006</subfield>
    <subfield code="c">GEN</subfield>
    <subfield code="d">2022-01-10</subfield>
    <subfield code="l">0</subfield>
    <subfield code="o">160/HUR/2008</subfield>
    <subfield code="p">IOTL0003646</subfield>
    <subfield code="r">2022-01-10 00:00:00</subfield>
    <subfield code="t">5</subfield>
    <subfield code="w">2022-01-10</subfield>
    <subfield code="y">BOOKS</subfield>
  </datafield>
  <datafield tag="952" ind1=" " ind2=" ">
    <subfield code="0">0</subfield>
    <subfield code="1">0</subfield>
    <subfield code="2">ddc</subfield>
    <subfield code="4">0</subfield>
    <subfield code="7">0</subfield>
    <subfield code="a">006</subfield>
    <subfield code="b">006</subfield>
    <subfield code="c">GEN</subfield>
    <subfield code="d">2022-01-10</subfield>
    <subfield code="l">0</subfield>
    <subfield code="o">160/HUR/2008</subfield>
    <subfield code="p">IOTL0003647</subfield>
    <subfield code="r">2022-01-10 00:00:00</subfield>
    <subfield code="t">6</subfield>
    <subfield code="w">2022-01-10</subfield>
    <subfield code="y">BOOKS</subfield>
  </datafield>
  <datafield tag="952" ind1=" " ind2=" ">
    <subfield code="0">0</subfield>
    <subfield code="1">0</subfield>
    <subfield code="2">ddc</subfield>
    <subfield code="4">0</subfield>
    <subfield code="7">0</subfield>
    <subfield code="a">006</subfield>
    <subfield code="b">006</subfield>
    <subfield code="c">GEN</subfield>
    <subfield code="d">2022-01-10</subfield>
    <subfield code="l">0</subfield>
    <subfield code="o">160/HUR/2008</subfield>
    <subfield code="p">IOTL0003648</subfield>
    <subfield code="r">2022-01-10 00:00:00</subfield>
    <subfield code="t">7</subfield>
    <subfield code="w">2022-01-10</subfield>
    <subfield code="y">BOOKS</subfield>
  </datafield>
  <datafield tag="952" ind1=" " ind2=" ">
    <subfield code="0">0</subfield>
    <subfield code="1">0</subfield>
    <subfield code="2">ddc</subfield>
    <subfield code="4">0</subfield>
    <subfield code="7">0</subfield>
    <subfield code="a">006</subfield>
    <subfield code="b">006</subfield>
    <subfield code="c">GEN</subfield>
    <subfield code="d">2022-01-10</subfield>
    <subfield code="l">0</subfield>
    <subfield code="o">160/HUR/2008</subfield>
    <subfield code="p">IOTL0003649</subfield>
    <subfield code="r">2022-01-10 00:00:00</subfield>
    <subfield code="t">8</subfield>
    <subfield code="w">2022-01-10</subfield>
    <subfield code="y">BOOKS</subfield>
  </datafield>
  <datafield tag="952" ind1=" " ind2=" ">
    <subfield code="0">0</subfield>
    <subfield code="1">0</subfield>
    <subfield code="2">ddc</subfield>
    <subfield code="4">0</subfield>
    <subfield code="7">0</subfield>
    <subfield code="a">006</subfield>
    <subfield code="b">006</subfield>
    <subfield code="c">GEN</subfield>
    <subfield code="d">2022-01-10</subfield>
    <subfield code="l">0</subfield>
    <subfield code="o">160/HUR/2008</subfield>
    <subfield code="p">IOTL0003650</subfield>
    <subfield code="r">2022-01-10 00:00:00</subfield>
    <subfield code="t">9</subfield>
    <subfield code="w">2022-01-10</subfield>
    <subfield code="y">BOOKS</subfield>
  </datafield>
  <datafield tag="952" ind1=" " ind2=" ">
    <subfield code="0">0</subfield>
    <subfield code="1">0</subfield>
    <subfield code="2">ddc</subfield>
    <subfield code="4">0</subfield>
    <subfield code="7">0</subfield>
    <subfield code="a">006</subfield>
    <subfield code="b">006</subfield>
    <subfield code="c">GEN</subfield>
    <subfield code="d">2022-03-04</subfield>
    <subfield code="l">0</subfield>
    <subfield code="o">160/HUR/2008</subfield>
    <subfield code="p">IOTL0015979</subfield>
    <subfield code="r">2022-03-04 00:00:00</subfield>
    <subfield code="t">10</subfield>
    <subfield code="w">2022-03-04</subfield>
    <subfield code="y">BOOKS</subfield>
  </datafield>
  <datafield tag="952" ind1=" " ind2=" ">
    <subfield code="0">0</subfield>
    <subfield code="1">0</subfield>
    <subfield code="2">ddc</subfield>
    <subfield code="4">0</subfield>
    <subfield code="7">0</subfield>
    <subfield code="a">006</subfield>
    <subfield code="b">006</subfield>
    <subfield code="c">GEN</subfield>
    <subfield code="d">2022-03-04</subfield>
    <subfield code="l">0</subfield>
    <subfield code="o">160/HUR/2008</subfield>
    <subfield code="p">IOTL0015980</subfield>
    <subfield code="r">2022-03-04 00:00:00</subfield>
    <subfield code="t">11</subfield>
    <subfield code="w">2022-03-04</subfield>
    <subfield code="y">BOOKS</subfield>
  </datafield>
  <datafield tag="952" ind1=" " ind2=" ">
    <subfield code="0">0</subfield>
    <subfield code="1">0</subfield>
    <subfield code="2">ddc</subfield>
    <subfield code="4">0</subfield>
    <subfield code="7">0</subfield>
    <subfield code="a">006</subfield>
    <subfield code="b">006</subfield>
    <subfield code="c">GEN</subfield>
    <subfield code="d">2022-03-04</subfield>
    <subfield code="l">0</subfield>
    <subfield code="o">160/HUR/2008</subfield>
    <subfield code="p">IOTL0015981</subfield>
    <subfield code="r">2022-03-04 00:00:00</subfield>
    <subfield code="t">12</subfield>
    <subfield code="w">2022-03-04</subfield>
    <subfield code="y">BOOKS</subfield>
  </datafield>
  <datafield tag="952" ind1=" " ind2=" ">
    <subfield code="0">0</subfield>
    <subfield code="1">0</subfield>
    <subfield code="2">ddc</subfield>
    <subfield code="4">0</subfield>
    <subfield code="7">0</subfield>
    <subfield code="a">006</subfield>
    <subfield code="b">006</subfield>
    <subfield code="c">GEN</subfield>
    <subfield code="d">2022-03-04</subfield>
    <subfield code="l">0</subfield>
    <subfield code="o">160/HUR/2008</subfield>
    <subfield code="p">IOTL0015982</subfield>
    <subfield code="r">2022-03-04 00:00:00</subfield>
    <subfield code="t">13</subfield>
    <subfield code="w">2022-03-04</subfield>
    <subfield code="y">BOOKS</subfield>
  </datafield>
</record>
